Представление документа в формате MARC21

ПолеНазваниеЗначение
  Тип записи m
  Библиографический уровень m
001 Контрольный номер 7d1a946f4f254221b44cfb1a44e33f1a
005 Дата корректировки 20250424145700.9
040 Источник каталогиз. __
b Код языка каталог. rus
e Правила каталог. PSBO
041 Код языка издания 0_
a Код языка текста rus
080 Индекс УДК __
a Индекс УДК 796.015.6(04)
090 Шифры __
c Каталожный индекс 796.015.6(04)
x Авторский знак Р 980
100 Автор 1_
a Автор Рябинина У.С.
q Полное имя Рябинина Ульяна Сергеевна
245 Заглавие 10
a Заглавие Технология использования средств тхэквондо, способствующих развитию пространственной ориентации детей с депривацией зрения
b Продолж. заглавия специальность 5.8.6. Оздоровительная и адаптивная физическая культура
b Продолж. заглавия диссертация на соискание ученой степени кандидата педагогических наук
c Ответственность [Место защиты: Национальный государственный университет физической культуры, спорта и здоровья имени П. Ф. Лесгафта, Санкт-Петербург]
256 Характеристики компьютерного файла __
a Характеристики компьютерного файла Электрон. текстов. дан. (1 файл : 4,21 МБ)
260 Выходные данные __
a Место издания Хабаровск
c Дата издания 2024
300 Физическое описание __
a Объем Электрон. дан. (1 файл)
b Иллюстрации/ тип воспроизводства ил.
336 Вид содержания __
a Термин вида содержания Текст
337 Средство доступа __
a Термин типа средства электронный
500 Примечания __
a Примечание Режим доступа: локальная сеть библиотеки, ЭБ. - Загл. с титула экрана. - Электрон. копия печ. версии
504 Библиография __
a Библиография Библиогр.: с. 143–162
520 Аннотация 0_
a Аннотация В результате исследований разработана и экспериментально обоснована технология использования средств тхэквондо, способствующих развитию пространственной ориентации детей с депривацией зрения, основанная на формировании полисенсорного восприятия, заключающегося в установлении связи между объектами, воспринимаемыми осязанием, и их звуковой характеристикой.
650 Тематические рубрики 04
a Предметная рубрика ФИЗКУЛЬТУРА И СПОРТ
650 Тематические рубрики 04
a Предметная рубрика ДИССЕРТАЦИИ
650 Тематические рубрики 04
a Предметная рубрика ЭЛЕКТРОННАЯ БИБЛИОТЕКА
653 Ключевые слова 0_
a Ключевые слова ДЕТИ С НАРУШЕНИЕМ ЗРЕНИЯ; ПРОСТРАНСТВЕННАЯ ОРИЕНТАЦИЯ; АДАПТИВНОЕ ФИЗИЧЕСКОЕ ВОСПИТАНИЕ; ТХЭКВОНДО
700 Другие авторы 12
a Другие авторы Галицын С.В.
e Роль лиц Научный руководитель
700 Другие авторы 12
a Другие авторы Румянцева Э.Р.
e Роль лиц Официальный оппонент
700 Другие авторы 12
a Другие авторы Шелехов А.А.
e Роль лиц Официальный оппонент
901 Тип документа __
t Тип документа d
952 Тип литературы __
a Тип литературы для КСУ ВШ ЭДН
999 Фонд __
a Фонд диссертации 2025 ЭР